MARC

LEADER 00000naa2a2200000 4500
001 621954
005 20231101133204.0
035 |a (RuTPU)RU\TPU\conf\20602 
035 |a RU\TPU\conf\20601 
090 |a 621954 
100 |a 20170131d2016 k y0rusy50 ca 
101 0 |a rus 
102 |a RU 
105 |a y z 101zy 
135 |a drcn ---uucaa 
181 0 |a i  
182 0 |a b 
200 1 |a Особенности и перспективы развития морского бурения  |f М. И. Губарев  |g науч. рук. А. В. Епихин 
203 |a Текст  |c электронный 
225 1 |a Новейшие системы, техника и технологии для подводного изучения шельфа Арктикии прибрежных зон арктических морей 
230 |a 1 компьютерный файл (pdf; 663 Kb) 
300 |a Заглавие с титульного экрана 
320 |a [Библиогр.: с. 193-194 (7 назв.)] 
463 1 |0 (RuTPU)RU\TPU\conf\20537  |t Творчество юных - шаг в успешное будущее  |o Арктика и её освоение  |o материалы IX Всероссийской научной молодежной конференции с международным участием с элементами научной школы имени профессора М.К. Коровина, г. Томск, 10-14 октября 2016 г.  |f Национальный исследовательский Томский политехнический университет (ТПУ) ; под ред. А. Ю. Дмитриева  |v [С. 188-194]  |d 2016 
610 1 |a труды учёных ТПУ 
610 1 |a электронные ресурсы 
610 1 |a морские акватории 
610 1 |a нефтяные ресурсы 
610 1 |a морское бурение 
610 1 |a гидротехнические сооружения 
610 1 |a бурение 
700 1 |a Губарев  |b М. И. 
702 1 |a Епихин  |b А. В.  |c специалист в области нефтегазового дела  |c ассистент кафедры Томского политехнического университета  |f 1988-   |g Антон Владимирович  |2 stltpush  |4 727 
712 0 2 |a Национальный исследовательский Томский политехнический университет (ТПУ)  |b Институт природных ресурсов (ИПР)  |b Кафедра бурения скважин (БС)  |h 256  |2 stltpush  |3 (RuTPU)RU\TPU\col\18666 
801 2 |a RU  |b 63413507  |c 20170210  |g RCR 
856 4 |u http://earchive.tpu.ru/handle/11683/36861 
942 |c BK